| 000 | 01338nam a2200349 a 4500 | ||
|---|---|---|---|
| 999 |
_c200426511 _d44435 |
||
| 003 | TR-AnTOB | ||
| 005 | 20190709105608.0 | ||
| 008 | 101223s2008 tu 000 0 tur d | ||
| 020 | _a9789751620477 | ||
| 040 |
_aBGZ _beng _cBGZ _drda _eTR-AnTOB |
||
| 041 | 1 |
_atur _haze _hrus |
|
| 049 | _aBGZA | ||
| 050 |
_aPL21 _b.V7419 2008 |
||
| 090 |
_aPL21 _b.V7419 2008 |
||
| 245 | 1 | 0 |
_a1926 Bakû Türkoloji Kurultayı : _btutanaklar, 26 Şubat - 6 Mart 1926 / _cRuşcadan Azerbaycan Türkçesine çeviren Kâmil Veli Nerimanoğlu ; Türkiye Türkçesine aktaran, Mustafa Öner. |
| 250 | _a1. baskı. | ||
| 264 |
_aAnkara : _bTürk Dil Kurumu, _c2008. |
||
| 300 |
_a474, 43 pages ; _billustration, _c24 cm + _e1 VCD (403/4 in.). |
||
| 336 |
_atext _2rdacontent _btxt |
||
| 337 |
_aunmediated _2rdamedia _bn |
||
| 338 |
_avolume _2rdacarrier _bnc |
||
| 490 | 0 |
_aTürk Dil Kurumu Yayınları ; _v936 |
|
| 504 | _aIncludes bibliographical references (p. 21-48) and index. | ||
| 546 | _aIn Turkish translation of an Azerbaijani translation from Russian. | ||
| 590 | _6Donated by KİBA. | ||
| 650 | 0 |
_aTurkic languages _vCongresses. |
|
| 700 | 1 | _aNerimanoğlu, Kamil Veli. | |
| 700 | 1 | _aÖner, Mustafa. | |
| 730 | 0 | 2 |
_a1926-cı il 1. Bakı Türkoloji Qurultayı. _lTurkish. |
| 942 |
_2lcc _cBK |
||